Territorios de Estados Unidos - Estadísticas

Estadísticas generales
  • Esta prueba ha sido intentada 19 veces
    11 desde el último reinicio
  • La puntuación promedio es 4 de 6
Estadísticas de respuestas
Continente Territorio % Correcto
América Islas Vírgenes Américanas
91%
Oceanía Guam
82%
América Puerto Rico
82%
Oceanía Islas Marianas del Norte
64%
Oceanía Samoa Americana
55%
Oceanía Isla Wake
18%
No se encontraron pruebas coincidentes
Distribución de puntuación
Porcentaje de gente con cada puntuación
Porcentaje por número respondido
Historial de tus puntuaciones
No has intentado esta prueba desde el último reinicio